Statistics for TOP 10 Biggest International Fast Food Chains

Click here to take the quiz!

General Stats

  • This quiz has been taken 593 times
  • The average score is 5 of 10

Answer Stats

Number of restaurants in the world Answer % Correct
18710McDonald's
99%
4998Burger King
88%
11798KFC
75%
10109Subway
68%
5890Pizza Hut
60%
5727Starbucks
54%
4422Domino's Pizza
39%
3005Dunkin' Donuts
27%
755Papa John's
15%
802Dairy Queen
11%

Score Distribution

Percentile by Number Answered

Percent of People with Each Score

Your Score History

You have not taken this quiz